<?xml version="1.0" encoding="UTF-8"?>
<record
    xmlns:xsi="http://www.w3.org/2001/XMLSchema-instance"
    xsi:schemaLocation="http://www.loc.gov/MARC21/slim http://www.loc.gov/standards/marcxml/schema/MARC21slim.xsd"
    xmlns="http://www.loc.gov/MARC21/slim">

  <leader>00654nam a22001937a 4500</leader>
  <datafield tag="999" ind1=" " ind2=" ">
    <subfield code="c">178342</subfield>
    <subfield code="d">178342</subfield>
  </datafield>
  <controlfield tag="003">dpl</controlfield>
  <controlfield tag="005">20210325114944.0</controlfield>
  <controlfield tag="008">210325b           ||||| |||| 00| 0 eng d</controlfield>
  <datafield tag="010" ind1=" " ind2=" ">
    <subfield code="a">MAL-9259</subfield>
  </datafield>
  <datafield tag="020" ind1=" " ind2=" ">
    <subfield code="a">978-83-8248-089-0</subfield>
    <subfield code="c">275.00</subfield>
  </datafield>
  <datafield tag="035" ind1=" " ind2=" ">
    <subfield code="a">MA-8716</subfield>
  </datafield>
  <datafield tag="040" ind1=" " ind2=" ">
    <subfield code="c">DBAD Books</subfield>
  </datafield>
  <datafield tag="082" ind1=" " ind2=" ">
    <subfield code="a">643.58</subfield>
    <subfield code="b">KUR</subfield>
  </datafield>
  <datafield tag="245" ind1=" " ind2=" ">
    <subfield code="a">&#xD2E;&#xD32;&#xD2C;&#xD3E;&#xD31;&#xD3F;&#xD32;&#xD46;  &#xD2C;&#xD4D;&#xD30;&#xD3F;&#xD1F;&#xD4D;&#xD1F;&#xD40;&#xD37;&#xD4D; &#xD05;&#xD27;&#xD3F;&#xD28;&#xD3F;&#xD35;&#xD47;&#xD36;&#xD02;  </subfield>
    <subfield code="c">&#xD15;&#xD41;&#xD31;&#xD41;&#xD2A;&#xD4D; &#xD15;&#xD46;.&#xD15;&#xD46;.&#xD7B; </subfield>
  </datafield>
  <datafield tag="260" ind1=" " ind2=" ">
    <subfield code="a">Kozhikode</subfield>
    <subfield code="b">Mathrubhumi Books</subfield>
    <subfield code="c">2019</subfield>
  </datafield>
  <datafield tag="270" ind1=" " ind2=" ">
    <subfield code="a">MM Press, Cherootty Road</subfield>
    <subfield code="b">Kozhikode</subfield>
    <subfield code="c">Kerala</subfield>
    <subfield code="d">India</subfield>
    <subfield code="e">673001</subfield>
  </datafield>
  <datafield tag="300" ind1=" " ind2=" ">
    <subfield code="a">232p</subfield>
    <subfield code="c">21cm</subfield>
  </datafield>
  <datafield tag="942" ind1=" " ind2=" ">
    <subfield code="2">ddc</subfield>
    <subfield code="c">MA</subfield>
    <subfield code="h">643.58</subfield>
    <subfield code="m">KUR</subfield>
  </datafield>
  <datafield tag="952" ind1=" " ind2=" ">
    <subfield code="0">0</subfield>
    <subfield code="1">0</subfield>
    <subfield code="2">ddc</subfield>
    <subfield code="4">0</subfield>
    <subfield code="7">1</subfield>
    <subfield code="8">NFIC</subfield>
    <subfield code="a">DBAD</subfield>
    <subfield code="b">DBAD</subfield>
    <subfield code="d">2021-03-25</subfield>
    <subfield code="e">DBAD/PUB</subfield>
    <subfield code="g">275.00</subfield>
    <subfield code="l">0</subfield>
    <subfield code="o">643.58 KUR</subfield>
    <subfield code="p">MA-8716</subfield>
    <subfield code="r">2021-03-25 00:00:00</subfield>
    <subfield code="t">1</subfield>
    <subfield code="v">275.00</subfield>
    <subfield code="w">2021-03-25</subfield>
    <subfield code="y">MA</subfield>
  </datafield>
</record>
